000 00943nas a2200313 4500
001 BR2013000310
003 BR-BrBNA
005 20231205121752.0
007 ta
008 230509b bl.|||p| |||| 00| 00por d
040 _aBR-BrBNA
_bpor
_cBiblioteca Nacional de Agricultura
041 _a(Pt)
072 _aF08
100 1 _aIkeda, F.S.
100 1 _aVictoria Filho, R.
100 1 _aVilela, L.
100 1 _aMarchi, G.
100 1 _aCavalieri, S.D.
100 1 _aSilva, A.A.
245 1 _aEmergência e crescimento inicial de cultivares de Urochloa em diferentes profundidades de semeadura
650 _aCAPIM BRACHIARIA
650 _aCRESCIMENTO
650 _aSEMEADURA
650 _aCONSORCIAÇÃO DE CULTURA
650 _aSISTEMA DE CULTIVO
773 0 _tPlanta Daninha (Brazil)
_xISSN 0100-8358
_g(Jan-Mar 2013), v. 31(1) p. 71-78
_wBR2013000310
909 _a202311
_bLúcia
_c55
_dLúcia Elande
942 _2AGRIS
_n0
_cANA
999 _c225160
_d225160